[Event "46th Ghent Open 2025"]
[Site "Ghent BEL"]
[Date "2025.07.23"]
[Round "9.3"]
[White "De Waele, Warre"]
[Black "Zouaghi, Amir"]
[Result "1-0"]
[WhiteTitle "FM"]
[WhiteElo "2344"]
[BlackElo "2244"]
[WhiteFideId "241156"]
[BlackFideId "249262"]
[EventDate "2025.07.19"]

1. c4 e6 2. Nf3 d5 3. e3 Nf6 4. Nc3 Be7 5. b3 O-O 6. Bb2 c5 7. cxd5 Nxd5 8. Qc2
Nc6 9. a3 b6 10. h4 h6 11. g4 Bb7 12. Ne4 f5 13. gxf5 exf5 14. Rg1 Rf7 15. Ng3
Qd7 16. Nh5 Nf6 17. Nxf6+ Rxf6 18. Bc4+ Kf8 19. O-O-O a6 20. Kb1 b5 21. Bxf6
Bxf6 22. Be2 Qe7 23. Ka2 a5 24. d4 cxd4 25. Nxd4 Nxd4 26. exd4 Rc8 27. Qd2 a4
28. Bxb5 axb3+ 29. Kxb3 Bd5+ 30. Kb2 Rb8 31. a4 Qa7 32. Rge1 Rxb5+ 33. axb5 Qa2+
34. Kc1 Qa1+ 35. Kc2 Qa4+ 36. Kc1 Qa1+ 37. Kc2 Qa4+ 38. Kb1 Qb3+ 39. Kc1 Bxh4
40. Qd3 Bg5+ 41. Re3 Qa2 42. f4 Be4 43. Qa3+ Qxa3+ 44. Rxa3 Bxf4+ 45. Kb2 h5 46.
Ra7 h4 47. d5 h3 48. d6 Bg5 49. b6 h2 50. b7 Bf6+ 51. Ka3 Bxb7 52. Rxb7 g5 53.
Rc1 1-0

[Event "46th Ghent Open 2025"]
[Site "Ghent BEL"]
[Date "2025.07.23"]
[Round "9.4"]
[White "Goudriaan, Etienne"]
[Black "Roos, Adrian"]
[Result "1-0"]
[WhiteTitle "IM"]
[BlackTitle "FM"]
[WhiteElo "2322"]
[BlackElo "2188"]
[WhiteFideId "1021150"]
[BlackFideId "263621"]
[EventDate "2025.07.19"]

1. Nf3 d5 2. g3 g6 3. c4 dxc4 4. Na3 Bg7 5. Nxc4 Nc6 6. d3 e5 7. Bd2 Nge7 8. Bc3
f6 9. e4 O-O 10. h4 h5 11. d4 exd4 12. Nxd4 Nxd4 13. Qxd4 Qxd4 14. Bxd4 Nc6 15.
Bc3 Re8 16. Ne3 Ne5 17. O-O-O Be6 18. Nd5 Rac8 19. Bh3 Bxh3 20. Rxh3 Ng4 21. Rf1
c6 22. Nf4 Kf7 23. f3 Ne5 24. Kc2 Rcd8 25. Rhh1 Bf8 26. b3 Bd6 27. Rhg1 Bc5 28.
Rg2 Be3 29. Nh3 Bd4 30. Bd2 c5 31. g4 hxg4 32. fxg4 Kg7 33. g5 fxg5 34. Nxg5 Rd6
35. h5 gxh5 36. Ne6+ Kh8 37. Rh1 Rd7 38. Ng5 Rg7 39. Rxh5+ Kg8 40. Rgh2 Nf7 41.
Nxf7 Kxf7 42. Rf5+ Kg8 43. Rh4 Rg2 44. Kd3 Rf8 45. Rxf8+ Kxf8 46. Rh7 Bg7 47. a4
b6 48. Bf4 Kg8 49. Rh3 a6 50. Kc4 Kf7 51. Kd5 Rf2 52. Bc7 Rd2+ 53. Kc6 b5 54.
axb5 axb5 55. Kxb5 Bd4 56. Kc6 Bg1 57. e5 Rc2 58. Rf3+ Ke6 59. Rf6+ Ke7 60. Bd6+
Ke8 61. Rf8# 1-0

[Event "46th Ghent Open 2025"]
[Site "Ghent BEL"]
[Date "2025.07.23"]
[Round "9.5"]
[White "Helmer, Jan"]
[Black "Dreelinck, Jacob"]
[Result "0-1"]
[WhiteTitle "CM"]
[BlackTitle "FM"]
[WhiteElo "2213"]
[BlackElo "2266"]
[WhiteFideId "12956686"]
[BlackFideId "250511"]
[EventDate "2025.07.19"]

1. d4 Nf6 2. c4 g6 3. Nc3 Bg7 4. e4 d6 5. Be2 O-O 6. Nf3 Nbd7 7. O-O e5 8. Be3
Qe7 9. d5 c5 10. dxc6 bxc6 11. b4 Kh8 12. a4 Bb7 13. Qb3 Ng4 14. Bg5 f6 15. Bc1
f5 16. Ba3 Ngf6 17. c5 dxc5 18. bxc5 Bc8 19. Qc4 Nb8 20. Rfd1 a5 21. exf5 gxf5
22. Qh4 Na6 23. Rd6 Nb4 24. Bxb4 axb4 25. Qxb4 e4 26. Nd4 Ne8 27. Nxc6 Qb7 28.
Bb5 Nxd6 29. cxd6 Bd7 30. Nd4 Qb6 31. Rd1 Rf6 32. Nc2 Bxb5 33. Nxb5 Rff8 34. Ne3
Qc6 35. Nd4 Qd7 36. Nb5 f4 37. Nd5 Qg4 38. Re1 f3 39. g3 Qh3 40. Ne3 Rae8 41.
Qc4 Qd7 42. Qc7 Qe6 43. Qc4 Qd7 44. Qc7 Qe6 45. Qc4 Qh3 46. Qf1 Qd7 47. Nc4 Qc6
48. Ne3 Ra8 49. Rc1 Qd7 50. Rc7 Qe6 51. Re7 Qg6 52. Qc4 Rac8 53. Rc7 Rcd8 54. a5
Qf6 55. Qc1 Rb8 56. Nc3 Qxd6 57. Nxe4 Qe5 58. Qc3 Rb1+ 59. Nf1 Qxc3 60. Nxc3
Bxc3 61. Rxc3 Rd8 62. Rxf3 Rdd1 63. a6 Rxf1+ 64. Kg2 Rg1+ 65. Kh3 Ra1 66. Rf6
Rge1 67. Kg4 Kg7 68. Rb6 Re7 69. h4 Ra7 70. f4 R1xa6 71. Rb3 Ra3 72. Rb5 R3a5
73. Rb3 h5+ 74. Kh3 Kf6 75. Rb6+ Kf5 0-1

[Event "46th Ghent Open 2025"]
[Site "Ghent BEL"]
[Date "2025.07.23"]
[Round "9.6"]
[White "Bekker, Stefan"]
[Black "Schleipfenbauer, Frank"]
[Result "0-1"]
[WhiteTitle "FM"]
[WhiteElo "2386"]
[BlackElo "2125"]
[WhiteFideId "1022229"]
[BlackFideId "1010492"]
[EventDate "2025.07.19"]

1. d4 Nf6 2. c4 g6 3. Nc3 Bg7 4. e4 O-O 5. Be2 d6 6. Bg5 c5 7. d5 h6 8. Be3 e6
9. Qd2 exd5 10. cxd5 Kh7 11. f3 Na6 12. h4 Nc7 13. a4 Nh5 14. g4 Ng3 15. Rh3
Nxe2 16. Ngxe2 Rb8 17. h5 g5 18. Rg3 b5 19. f4 b4 20. Nd1 Qe7 21. Nf2 gxf4 22.
Bxf4 Qf6 23. O-O-O Ba6 24. e5 dxe5 25. Qc2+ Kh8 26. Ne4 Qd8 27. Bxh6 Bxh6+ 28.
g5 f5 29. gxh6 Nxd5 30. Rg7 Ne3 31. Rxd8 Rbxd8 32. Qb3 Rd1+ 33. Qxd1 Nxd1 34.
N2g3 fxe4 35. Kxd1 e3 36. Ke1 Bd3 37. Rg5 Rg8 38. Rxg8+ Kxg8 0-1

[Event "46th Ghent Open 2025"]
[Site "Ghent BEL"]
[Date "2025.07.23"]
[Round "9.7"]
[White "Tuerlinckx, Ben"]
[Black "Szajbely, Zsigmond"]
[Result "0-1"]
[BlackTitle "FM"]
[WhiteElo "2125"]
[BlackElo "2298"]
[WhiteFideId "229334"]
[BlackFideId "711691"]
[EventDate "2025.07.19"]

1. c4 e5 2. Nc3 Nf6 3. Nf3 Nc6 4. e3 Qe7 5. d4 exd4 6. Nxd4 g6 7. Be2 d6 8. Nxc6
bxc6 9. Bf3 Bd7 10. Qa4 d5 11. O-O Qe5 12. cxd5 cxd5 13. Qd4 Qxd4 14. exd4 c6
15. Re1+ Be6 16. Bf4 Bg7 17. Be5 Ke7 18. Na4 Ne8 19. Bg4 Bxe5 20. Rxe5 Kd6 21.
Bxe6 fxe6 22. Nc5 Ng7 23. Rae1 Rhe8 24. Nb7+ Kc7 25. Nc5 Kd6 26. Nb7+ Ke7 27.
Nc5 Kf7 28. g4 Rab8 29. b3 Rb4 30. Rd1 Ke7 31. Na6 Rb7 32. Nc5 Rb5 33. f3 Kd6
34. Nd3 c5 35. dxc5+ Rxc5 36. Nxc5 Kxe5 37. Kf2 Rc8 38. Rc1 Rd8 39. Ke3 g5 40.
b4 h5 41. h3 Rh8 42. a4 hxg4 43. hxg4 Rh2 44. b5 Ra2 45. Nd3+ Kf6 46. Kd4 Rxa4+
47. Kc5 e5 48. Kd6 e4 49. fxe4 dxe4 50. Rf1+ Kg6 51. Ne5+ Kh7 52. Ke7 e3 53.
Rh1+ Kg8 54. Ng6 Re4+ 55. Kf6 Ne8+ 56. Kf5 Nd6+ 57. Kxg5 e2 58. Re1 Kg7 59. Nf4
Nf7+ 60. Kf5 Re5# 0-1

[Event "46th Ghent Open 2025"]
[Site "Ghent BEL"]
[Date "2025.07.23"]
[Round "9.8"]
[White "Verkooyen, Frank"]
[Black "Klinova, Masha"]
[Result "1/2-1/2"]
[BlackTitle "IM"]
[WhiteElo "2041"]
[BlackElo "2242"]
[WhiteFideId "1053167"]
[BlackFideId "2802015"]
[EventDate "2025.07.19"]

1. d4 d6 2. c4 e5 3. Nc3 exd4 4. Qxd4 Nc6 5. Qd2 Nf6 6. e4 g6 7. b3 Bg7 8. Bb2
O-O 9. Bd3 Re8 10. Nge2 a5 1/2-1/2

[Event "46th Ghent Open 2025"]
[Site "Ghent BEL"]
[Date "2025.07.23"]
[Round "9.9"]
[White "Mulder, Bart-Piet"]
[Black "Venkataramanan, T.S."]
[Result "0-1"]
[BlackTitle "FM"]
[WhiteElo "2025"]
[BlackElo "2220"]
[WhiteFideId "1006070"]
[BlackFideId "5001579"]
[EventDate "2025.07.19"]

1. d4 d5 2. Nf3 Nf6 3. g3 e6 4. Bg2 Be7 5. O-O O-O 6. c4 dxc4 7. Qc2 a6 8. Qxc4
b5 9. Qc2 Bb7 10. Bg5 Nbd7 11. Bxf6 Nxf6 12. Nbd2 Rc8 13. Nb3 Be4 14. Qc3 Nd5
15. Qd2 Bb4 16. Qd1 c5 17. dxc5 Bxc5 18. Rc1 Bb6 19. Qd2 Qf6 20. Ng5 Bxg2 21.
Kxg2 Rcd8 22. Ne4 Qf5 23. Qc2 Bxf2 24. Kh1 Ne3 25. Qc6 Nxf1 26. Rxf1 Rc8 27. Qb7
Rc7 28. Nd6 Rxb7 29. Nxf5 exf5 30. Rxf2 g6 31. Nc5 Re7 32. Kg2 a5 33. Kf1 a4 34.
Nd3 a3 35. b3 Rc8 36. Nb4 Rc1+ 37. Kg2 Re4 38. Rf4 Rxe2+ 0-1

[Event "46th Ghent Open 2025"]
[Site "Ghent BEL"]
[Date "2025.07.23"]
[Round "9.10"]
[White "Bowcott-Terry, Finlay"]
[Black "Medhvansh Madeti"]
[Result "1-0"]
[WhiteElo "2183"]
[BlackElo "1828"]
[WhiteFideId "449199"]
[BlackFideId "25938380"]
[EventDate "2025.07.19"]

1. e4 e5 2. Nf3 Nc6 3. Bc4 Bc5 4. c3 Nf6 5. d3 d6 6. O-O O-O 7. a4 a5 8. Bb3 Be6
9. Bc2 d5 10. exd5 Qxd5 11. Bg5 Rad8 12. Nbd2 Kh8 13. Qe2 Bf5 14. Ne4 Be7 15.
Rad1 Qe6 16. Rfe1 Nxe4 17. dxe4 Bg4 18. Bxe7 Nxe7 19. h3 Bxf3 20. Qxf3 Ng6 21.
Qe3 Nf4 22. Kh2 Qa2 23. Rb1 b6 24. g3 Ne6 25. Qe2 Rd6 26. Qb5 Nc5 27. Rbd1 Rf6
28. Kg2 Rh6 29. h4 Qe6 30. b4 Nb7 31. Qd5 Qc6 32. Bb1 Qxd5 33. exd5 f6 34. Bf5
Nd6 35. Bd7 e4 36. bxa5 bxa5 37. c4 f5 38. c5 Nc4 39. Bb5 Ne5 40. d6 cxd6 41.
cxd6 Rd8 42. Rd5 Nf7 43. d7 Rf6 44. Rc1 g5 45. hxg5 Nxg5 46. Rcc5 Ne6 47. Rxf5
Kg7 48. Rce5 Rxf5 49. Rxf5 Nd4 50. Rd5 Nxb5 51. axb5 Kf6 52. b6 Ke6 53. Rxa5
Rxd7 54. Rb5 Rb7 55. Kh3 Kd6 56. Kg4 Kc6 57. Rb2 Kd5 58. Kf5 Rf7+ 59. Kg5 Rb7
60. Kf6 Kd4 61. Ke6 e3 62. fxe3+ Kxe3 63. Kd6 Kf3 64. Rb3+ Ke4 65. Kc6 Rg7 66.
b7 Rg6+ 67. Kc5 Rg5+ 68. Kc4 Rg8 69. b8=Q 1-0

[Event "46th Ghent Open 2025"]
[Site "Ghent BEL"]
[Date "2025.07.23"]
[Round "9.11"]
[White "Wilming, Auke"]
[Black "Fondrat, Johan"]
[Result "0-1"]
[WhiteElo "1962"]
[BlackElo "2175"]
[WhiteFideId "40101096"]
[BlackFideId "45156069"]
[EventDate "2025.07.19"]

1. e4 c5 2. Nf3 e6 3. d4 cxd4 4. Nxd4 Nf6 5. Nc3 Nc6 6. Ndb5 Bc5 7. Nd6+ Ke7 8.
Bf4 e5 9. Nf5+ Kf8 10. Bg5 d6 11. Ne3 h6 12. Bxf6 Qxf6 13. Bc4 g6 14. Ncd5 Qd8
15. c3 a5 16. O-O Kg7 17. Qd3 Be6 18. Kh1 Qg5 19. a3 a4 20. Bb5 Ra5 21. Nc7 Bb3
22. Nc4 Ra7 23. Nd2 Qd8 24. Nxb3 Qxc7 25. Nxc5 dxc5 26. Rad1 Qb6 27. Qc4 Rd8 28.
Bxa4 Qxb2 29. Bxc6 Rxd1 30. Rxd1 bxc6 31. Qxc5 Rd7 32. Qxe5+ Kh7 33. Rg1 Qxf2
34. h3 Ra7 35. Qd6 c5 36. Qd3 Rxa3 37. Rf1 Rxc3 38. Qd1 Qa2 39. Qd8 Qc4 40. Rf2
Rc1+ 41. Kh2 Rf1 42. Qf6 Rxf2 43. Qxf2 Kg8 44. e5 Qd5 45. e6 fxe6 46. Qf4 Qg5
47. Qc7 Kf8 48. Qh7 Qe5+ 49. Kh1 Qg7 0-1